Horror Characters - Statistics

General Stats
  • This quiz has been taken 45 times
  • The average score is 7 of 16
Answer Stats
Picture Answer % Correct
Freddy Krueger
93%
Pinhead
90%
Hannibal Lecter
80%
Michael Myers
78%
Carrie
76%
Jason Voorhees
76%
Pamela Voorhees
56%
Stu Macher
46%
Sam Loomis
32%
Mrs. Bates
27%
Billy Hitchcock
17%
Chop Top Sawyer
17%
Dick Hallorann
12%
Cesare/ Cesare the Somnambulist
5%
David Mills
5%
Windows
5%
No matching quizzes found
Score Distribution
Percent of People with Each Score
Percentile by Number Answered
Your Score History
You have not taken this quiz